Statistics for Countries with the Densest Population A-Z

Click here to take the quiz!

General Stats

  • This quiz has been taken 38 times
  • The average score is 16 of 24

Answer Stats

LetterDensityAnswer% Correct
M26,337Monaco
92%
V1,820Vatican City
89%
Y56Yemen
86%
I464India
83%
O16Oman
83%
Q248Qatar
83%
J346Japan
81%
Z38Zimbabwe
81%
S8,358Singapore
78%
A164Andorra
72%
F119France
72%
R525Rwanda
72%
D224Dominican Republic
69%
H413Haiti
69%
U280United Kingdom
67%
B2,239Bahrain
64%
K239Kuwait
64%
N541Nauru
56%
G331Grenada
53%
P367Phillippines
50%
C467Comoros
44%
T672Taiwan
44%
L667Lebanon
42%
E313El Salvador
39%

Score Distribution

Percentile by Number Answered

Percent of People with Each Score

Your Score History

You have not taken this quiz